Normal view
MARC view
- SUPERVISOR DR. IMRAN SHAFI DR. SADIA RIAZ
Entry Personal Name
001 - CONTROL NUMBER
- control field: 70731
003 - CONTROL NUMBER IDENTIFIER
- control field: NUST
005 - DATE AND TIME OF LATEST TRANSACTION
- control field: 20210628204540.0
008 - FIXED-LENGTH DATA ELEMENTS
- fixed length control field: 210628|| aca||aabn | a|a d
040 ## - CATALOGING SOURCE
- Original cataloging agency: NUST
- Transcribing agency: NUST
100 ## - HEADING--PERSONAL NAME
- Personal name: SUPERVISOR DR. IMRAN SHAFI DR. SADIA RIAZ
670 ## - SOURCE DATA FOUND
- Source citation: Work cat.: (NUST): RANA HASEEB RIAZ HAFIZ MUHAMMAD HASSAN KHAN AHMED RAZA 70729, PR-SOF-1703-DESIGN AND FABRICATION OF MICRO AIR VEHICLE i.e. ORNITHOPTER, 2018
